City by aerial view - Statistics

General Stats
  • This quiz has been taken 85 times
  • The average score is 8 of 12
Answer Stats
Picture Answer % Correct
Rio de Janeiro
99%
London
97%
Moscow
91%
Venice
84%
Kuala Lumpur
83%
Shanghai
78%
Chicago
72%
Amsterdam
59%
Pyongyang
58%
Munich
38%
Mexico City
35%
Havana
19%
No matching quizzes found
Score Distribution
Percent of People with Each Score
Percentile by Number Answered
Your Score History
You have not taken this quiz